|
|
|
|
| LEADER |
00000naa2a2200000 4500 |
| 001 |
625612 |
| 005 |
20231101133354.0 |
| 035 |
|
|
|a (RuTPU)RU\TPU\conf\24872
|
| 035 |
|
|
|a RU\TPU\conf\24870
|
| 090 |
|
|
|a 625612
|
| 100 |
|
|
|a 20171215d2017 k y0rusy50 ca
|
| 101 |
0 |
|
|a rus
|
| 102 |
|
|
|a RU
|
| 105 |
|
|
|a y z 101zy
|
| 135 |
|
|
|a drcn ---uucaa
|
| 181 |
|
0 |
|a i
|
| 182 |
|
0 |
|a b
|
| 200 |
1 |
|
|a Влияние поверхностного излучения на турбулентные режимы естественной конвекции в замкнутом кубе
|f И. В. Мирошниченко
|g науч. рук. М. А. Шеремет
|
| 203 |
|
|
|a Текст
|c электронный
|
| 225 |
1 |
|
|a Моделирование физико-химических процессов в современных технологиях
|
| 230 |
|
|
|a 1 компьютерный файл (pdf; 592 Kb)
|
| 300 |
|
|
|a Заглавие с титульного экрана
|
| 320 |
|
|
|a [Библиогр.: с. 369 (7 назв.)]
|
| 463 |
|
1 |
|0 (RuTPU)RU\TPU\conf\24481
|t Высокие технологии в современной науке и технике (ВТСНТ-2017)
|o сборник научных трудов VI Международной научно-технической конференции молодых ученых, аспирантов и студентов, г. Томск, 27–29 ноября 2017 г.
|f Национальный исследовательский Томский политехнический университет (ТПУ) ; под ред. А. Н. Яковлева
|v [С. 368-369]
|d 2017
|
| 610 |
1 |
|
|a электронные ресурсы
|
| 610 |
1 |
|
|a турбулентный режим
|
| 610 |
1 |
|
|a конвективный теплоперенос
|
| 610 |
1 |
|
|a тепловые излучения
|
| 610 |
1 |
|
|a тепловыделяющие элементы
|
| 610 |
1 |
|
|a электроника
|
| 700 |
|
1 |
|a Мирошниченко
|b И. В.
|
| 702 |
|
1 |
|a Шеремет
|b М. А.
|4 727
|
| 801 |
|
2 |
|a RU
|b 63413507
|c 20171220
|g RCR
|
| 856 |
4 |
|
|u http://earchive.tpu.ru/handle/11683/45452
|
| 942 |
|
|
|c BK
|